[Event "CZE-ch U14"]
[Site "Kouty nad Desnou"]
[Date "2024.03.16"]
[Round "9"]
[White "Gregor, Alexandr"]
[Black "Lorenc, Matej"]
[Result "0-1"]
[WhiteElo "1777"]
[BlackElo "1637"]
[PlyCount "104"]
[EventDate "2024.03.09"]
[EventType "swiss"]
[EventRounds "9"]
[EventCountry "CZE"]
[SourceTitle "CB12_2024"]
[SourceDate "2023.10.01"]
[SourceVersion "1"]
[SourceVersionDate "2023.10.01"]
[SourceQuality "1"]

1. e4 c5 2. Nf3 Nc6 3. d4 cxd4 4. Nxd4 e6 5. Nc3 Nf6 6. Be3 Be7 7. Be2 d5 8. exd5 Nxd5 9. Nxd5 Qxd5 10. Bf3 Qa5+ 11. c3 Qc7 12. Qc2 Nxd4 13. Bxd4 e5 14. Be3 0-0 15. 0-0-0 Be6 16. Bd5 Bxd5 17. Rxd5 Rfd8 18. Rhd1 Rxd5 19. Rxd5 f6 20. Qf5 Rd8 21. Qe6+ Kf8 22. Bxa7 Rxd5 23. Qxd5 b6 24. Qa8+ Bd8 25. Qb8 Ke7 26. Qxc7+ Bxc7 27. b4 Kd7 28. c4 Kc6 29. c5 b5 30. Kb2 Kb7 31. Bb6 Bxb6 32. cxb6 Kxb6 33. Kb3 f5 34. a4 bxa4+ 35. Kxa4 e4 36. g3 g5 37. Kb3 Kb5 38. Kc3 f4 39. Kd4 e3 40. fxe3 f3 41. Ke5 f2 42. Kf5 f1Q+ 43. Kxg5 Qf3 44. Kh6 Qxe3+ 45. Kxh7 Qg1 46. h4 Qxg3 47. h5 Qc7+ 48. Kg6 Qd8 49. Kg7 Qe7+ 50. Kg6 Qf8 51. h6 Qh8 52. h7 Kxb4 0-1

[Event "CZE-ch U14"]
[Site "Kouty nad Desnou"]
[Date "2024.03.12"]
[Round "5"]
[White "Gregor, Alexandr"]
[Black "Trcalek, Filip"]
[Result "1-0"]
[WhiteElo "1777"]
[BlackElo "1615"]
[PlyCount "73"]
[EventDate "2024.03.09"]
[EventType "swiss"]
[EventRounds "9"]
[EventCountry "CZE"]
[SourceTitle "CB12_2024"]
[SourceDate "2023.10.01"]
[SourceVersion "1"]
[SourceVersionDate "2023.10.01"]
[SourceQuality "1"]

1. e4 e5 2. Nf3 Nc6 3. Bc4 Bc5 4. 0-0 Nf6 5. d4 Bxd4 6. Nxd4 Nxd4 7. Bg5 d6 8. f4 h6 9. Bxf6 gxf6 10. fxe5 dxe5 11. Qh5 Qe7 12. Nc3 c6 13. Rf2 Kf8 14. Raf1 f5 15. exf5 f6 16. Ne4 b5 17. Be6 Qg7 18. Bxc8 Rxc8 19. c3 c5 20. cxd4 cxd4 21. Rf3 Rc6 22. Rg3 Qc7 23. Rg6 Qb6 24. Rxh6 Rxh6 25. Qxh6+ Kf7 26. Qg6+ Ke7 27. Qg7+ Ke8 28. h4 d3+ 29. Kh2 d2 30. Nxd2 Qd4 31. Qg6+ Ke7 32. Nf3 Qd3 33. Re1 Rc2 34. Rxe5+ Kd7 35. Qxf6 Kc7 36. Re7+ Kb8 37. Qa6 1-0